Statistics for NBA Teams by Proximity

Click here to take the quiz!

General Stats

  • This quiz has been taken 309 times
  • The average score is 38 of 60

Answer Stats

TeamAnswerHint% Correct
Atlanta HawksCharlotte HornetsClosest
88%
Brooklyn NetsNew York KnicksClosest
85%
Boston CelticsNew York Knicks/Brooklyn NetsClosest
85%
Charlotte HornetsAtlanta HawksClosest
77%
Atlanta HawksPortland Trail BlazersFarthest
77%
Chicago BullsMilwaukee BucksClosest
75%
Los Angeles LakersLos Angeles ClippersClosest
72%
Los Angeles ClippersLos Angeles LakersClosest
72%
New York KnicksBrooklyn NetsClosest
69%
Charlotte HornetsPortland Trail BlazersFarthest
69%
Boston CelticsGolden State WarriorsFarthest
68%
Miami HeatOrlando MagicClosest
68%
Golden State WarriorsSacramento KingsClosest
68%
Houston RocketsSan Antonio SpursClosest
68%
Brooklyn NetsGolden State WarriorsFarthest
67%
Dallas MavericksOklahoma City ThunderClosest
67%
Cleveland CavaliersDetroit PistonsClosest
66%
Orlando MagicMiami HeatClosest
66%
Los Angeles LakersBoston CelticsFarthest
65%
San Antonio SpursHouston RocketsClosest
65%
Denver NuggetsUtah JazzClosest
65%
Los Angeles ClippersBoston CelticsFarthest
64%
Sacramento KingsGolden State WarriorsClosest
64%
Phoenix SunsLos Angeles Clippers/LakersClosest
64%
Philadelphia 76ersNew York Knicks/Brooklyn NetsClosest
64%
Milwaukee BucksChicago BullsClosest
63%
Oklahoma City ThunderDallas MavericksClosest
63%
Portland Trail BlazersSacramento KingsClosest
63%
Golden State WarriorsBoston CelticsFarthest
61%
Indiana PacersChicago BullsClosest
61%
Detroit PistonsCleveland CavaliersClosest
61%
Chicago BullsGolden State WarriorsFarthest
61%
New Orleans PelicansHouston RocketsClosest
61%
Minnesota TimberwolvesMilwaukee BucksClosest
61%
Dallas MavericksPortland Trail BlazersFarthest
61%
Utah JazzDenver NuggetsClosest
60%
Cleveland CavaliersGolden State WarriorsFarthest
60%
Orlando MagicPortland Trail BlazersFarthest
60%
Miami HeatPortland Trail BlazersFarthest
60%
Portland Trail BlazersMiami HeatFarthest
59%
Washington WizardsPhiladelphia 76ersClosest
59%
Houston RocketsPortland Trail BlazersFarthest
59%
Phoenix SunsBoston CelticsFarthest
58%
Denver NuggetsBoston CelticsFarthest
58%
New York KnicksGolden State WarriorsFarthest
58%
Oklahoma City ThunderBoston CelticsFarthest
57%
Sacramento KingsBoston CelticsFarthest
57%
Philadelphia 76ersGolden State WarriorsFarthest
57%
Detroit PistonsGolden State WarriorsFarthest
57%
New Orleans PelicansPortland Trail BlazersFarthest
57%
Memphis GrizzliesAtlanta HawksClosest
56%
San Antonio SpursBoston CelticsFarthest
56%
Milwaukee BucksGolden State WarriorsFarthest
56%
Indiana PacersGolden State WarriorsFarthest
56%
Washington WizardsGolden State WarriorsFarthest
56%
Memphis GrizzliesPortland Trail BlazersFarthest
56%
Utah JazzBoston CelticsFarthest
55%
Minnesota TimberwolvesGolden State WarriorsFarthest
54%
Toronto RaptorsGolden State WarriorsFarthest
53%
Toronto RaptorsCleveland CavaliersClosest
52%

Score Distribution

Percentile by Number Answered

Percent of People with Each Score

Your Score History

You have not taken this quiz